Поверхностно-активные вещества: синтез, свойства, анализ, применение: пер. с англ.

Bibliographische Detailangaben
1. Verfasser: Ланге К. Р. К. Роберт
Zusammenfassung:Приведена современная классификация ПАВ и их смесей, рассмотрены технологии промышленного синтеза, свойства, характеристики и методы анализа. Дан обзор всех основных областей применения ПАВ, в том числе в бытовых моющих средствах и продуктах личной гигиены. Большое внимание отводится промышленному использованию ПАВ. Приведены примеры композиций на их основе, дан перечень производителей исходного сырья. Достоинством издания является также обширная и современная библиография. Книга имеет ярко выраженную практическую направленность и предназначена химикам-технологам, менеджерам компаний-производителей бытовой химии и косметики, предприятий химической, нефтяной, пищевой и других отраслей промышленности, а также дистрибьюторам ПАВ и промышленных моющих средств.
Sprache:Russisch
Veröffentlicht: СПб., Профессия, 2007
Schriftenreihe:Hanser
Schlagworte:
Format: MixedMaterials Buch
KOHA link:https://koha.lib.tpu.ru/cgi-bin/koha/opac-detail.pl?biblionumber=152562

MARC

LEADER 00000nam0a2200000 4500
001 152562
005 20231101221629.0
010 |a 593130682 
035 |a (RuTPU)RU\TPU\book\165400 
090 |a 152562 
100 |a 20090202d2007 k y0rusy50 ca 
101 1 |a rus  |c eng 
102 |a RU 
105 |a a z 001zy 
200 1 |a Поверхностно-активные вещества: синтез, свойства, анализ, применение  |e пер. с англ.  |f К. Р. Ланге 
210 |a СПб.  |c Профессия  |d 2007 
215 |a 240 с.  |c ил. 
225 1 |a Hanser 
320 |a Литература: с. 219-238. 
330 |a Приведена современная классификация ПАВ и их смесей, рассмотрены технологии промышленного синтеза, свойства, характеристики и методы анализа. Дан обзор всех основных областей применения ПАВ, в том числе в бытовых моющих средствах и продуктах личной гигиены. Большое внимание отводится промышленному использованию ПАВ. Приведены примеры композиций на их основе, дан перечень производителей исходного сырья. Достоинством издания является также обширная и современная библиография. Книга имеет ярко выраженную практическую направленность и предназначена химикам-технологам, менеджерам компаний-производителей бытовой химии и косметики, предприятий химической, нефтяной, пищевой и других отраслей промышленности, а также дистрибьюторам ПАВ и промышленных моющих средств. 
606 1 |a Поверхностно-активные вещества  |x Синтез  |x Применение  |x Анализ  |2 stltpush  |3 (RuTPU)RU\TPU\subj\67670  |9 83391 
610 1 |a ПАВ 
610 1 |a сырье 
610 1 |a промышленный синтез 
610 1 |a классификации 
610 1 |a водные растворы 
610 1 |a мицеллообразование 
610 1 |a адсорбция 
610 1 |a бислои 
610 1 |a микроэмульсии 
610 1 |a эмульсии 
610 1 |a смеси 
610 1 |a химическая технология 
610 1 |a бытовая химия 
610 1 |a косметика 
610 1 |a пищевая промышленность 
675 |a 661.185  |v 3 
700 1 |a Ланге  |b К. Р.  |g К. Роберт 
801 1 |a RU  |b 63413507  |c 20090202  |g PSBO 
801 2 |a RU  |b 63413507  |c 20150708  |g PSBO 
900 |a Основы пищевой и парфюмерно-косметической химии и технологии 
900 |a Теоретические основы химической технологии топлива и углеродных материалов 
942 |c BK 
959 |a 16/20090202  |d 1  |e 690,00  |f ЧЗТЛ:1 
959 |a 138/20121029  |d 4  |e 690,00  |f АНЛ:1  |f УФ:3